Unpopular essays (Record no. 15564)

MARC details
000 -LEADER
fixed length control field 00246nam a2200097 4500
082 ## - DEWEY DECIMAL CLASSIFICATION NUMBER
Classification number 824.8
Item number RUS
100 ## - MAIN ENTRY--PERSONAL NAME
Personal name Russell, Bertrand
245 ## - TITLE STATEMENT
Title Unpopular essays
Statement of responsibility, etc. Bertrand Russell
260 ## - PUBLICATION, DISTRIBUTION, ETC.
Place of publication, distribution, etc. London
Name of publisher, distributor, etc. Simon and Schuster
Date of publication, distribution, etc. 1969
300 ## - PHYSICAL DESCRIPTION
Extent 175p.; 22cm.
Holdings
Withdrawn status Lost status Damaged status Not for loan Collection code Home library Current library Date acquired Total Checkouts Full call number Barcode Date last seen Price effective from Koha item type
        ACADEMIC STAFF COLLEGE North Eastern Hill University North Eastern Hill University 24/11/2011   824.8 RUS 1137 24/11/2011 24/11/2011 Books